| 000 | 01006nac a22002291u 4500 | ||
|---|---|---|---|
| 010 | _a96010241 | ||
| 020 | _a0471594318 (hc : alk. paper) | ||
| 082 | 0 | 0 |
_a621.3822 _bH4171 |
| 090 |
_c1297 _d1297 |
||
| 100 | _ac, M. H. | ||
| 245 | 1 | 0 |
_aStatistical digital signal processing and modeling / _cMonson H. Hayes. |
| 260 |
_aNew York : _bJohn Wiley & Sons, _cc1996. |
||
| 300 |
_axv, 608 p. : _bill. ; _c26 cm. |
||
| 504 | _aIncludes bibliographical references and index. | ||
| 650 | 0 |
_aSignal processing _xDigital techniques. |
|
| 650 | 0 |
_aSignal processing _xStatistical methods. |
|
| 650 | 0 |
_aSignal processing _xMathematical models. |
|
| 856 | 4 | 2 |
_3Publisher description _uhttp://www.loc.gov/catdir/description/wiley032/96010241.html |
| 856 | 4 | 2 |
_3Table of Contents _uhttp://www.loc.gov/catdir/toc/onix03/96010241.html |
| 942 |
_cBB _k621.3822H4171 |
||
| 999 |
_c1297 _d1297 |
||